| 000 | 006860000a22002170004500 | ||
|---|---|---|---|
| 090 |
_aAR _b03303 |
||
| 245 | 1 | 0 | _aGeographic distribution and population size of the mountain tapir (<Tapirus pinchaque>) in Colombia |
| 650 | 1 | 4 |
_aDinámica poblacional _9608 |
| 650 | 1 | 4 |
_aFauna silvestre _992225 |
| 650 | 1 | 4 |
_aRango geográfico _996920 |
| 650 | 1 | 4 |
_aBiogeografía _992747 |
| 651 | 4 |
_pColombia _992749 |
|
| 653 |
_gTapirus _eTapirus pinchaque |
||
| 041 | 0 | _aInglés | |
| 700 | 1 |
_aPizarro, V. _996921 |
|
| 700 | 1 |
_aCavelier, V. _996922 |
|
| 700 | 1 |
_aCarmona, J. _996923 |
|
| 100 | 1 |
_aLizcano, D. J. _949020 |
|
| 942 | _cARTICULO | ||
| 773 | 1 |
_tJournal of Biogeography _3317 _q7-15 _d2002 _g29 |
|
| 999 |
_c12354 _d12354 |
||